000 00499nam a2200205Ia 4500
008 170918s9999 xx 000 0 und d
020 _a9780590341301
050 _bB852 1997
100 _aBridwell, Norman
245 _aClifford's first autumn /
245 _cNorman Bridwell.
260 _aNew York :
260 _bScholastic,
260 _c1997
300 _aunpaged :
300 _bcolored illustration ;
300 _c20cm.
440 _aClifford the big red dog.
500 _a310
999 _c341195
_d341195